An introduction to accounting for decision making and control

Salvato in:
Dettagli Bibliografici
Autore principale: Summers, Edward L (Autore)
Natura: Libro
Lingua:inglese
Pubblicazione: Homewood Richard D. Irwin 1974
Soggetti:
Tags: Aggiungi Tag
Nessun Tag, puoi essere il primo ad aggiungerne!!

MARC

LEADER 00000nam a2200000 a 4500
001 UCQ0297
003 CL-VaPUC
008 980627e19740000US |||||||||||||||||eng|d
082 0 4 |a 658.151  |b SUM  |2 21 
100 0 |a Summers, Edward L  |e author  |9 413487 
245 1 3 |a An introduction to accounting for decision making and control 
300 |a 565 p 
942 |c BK 
945 |d 19980627 00:00:00  |a cmena 
260 |a Homewood  |b Richard D. Irwin  |c 1974 
650 0 |a Administración financiera  |9 261146 
650 0 |a Toma de decisiones   |9 257530 
650 0 |a Contabilidad de costos   |9 260564 
650 0 |a Costos   |9 261063 
650 7 |a PLANIFICACION Y CONTROL  |2 CL-VaPUC  |9 413488 
650 0 |a Interés  |9 336484 
650 0 |a Impuestos  |9 255450 
583 |a last modification  |c 19980627 00:00:00  |k Rodrigo Vera 
999 |c 271436  |d 271434 
952 |0 0  |1 0  |4 0  |6 658_151000000000000_SUM_1974  |7 0  |8 P  |9 306086  |a BIBGIM  |b BIBGIM  |d 2019-11-20  |i 1428128  |o 658.151 SUM 1974  |p 1428128  |r 2025-01-15  |w 2019-11-20  |y BK  |k COM